000 00352 a2200157 4500
001 57962
020 _a8590115917
040 _cAnchieta - Pituba
100 _aCalheira, Ivonildo
240 1 0 _aNas asas da imaginação
_lpor
245 1 0 _aNas asas da imaginação
300 _a136
362 0 _a1999
650 4 _aFicção brasileira
942 _cBK
999 _c57962
_d57962